000 00319nam a2200121Ia 4500
008 220216s9999 xx 000 0 und d
100 _aCox W F V
245 0 _aRubber roadways; their advisability and practicability
260 _bIRI Transactions
_c1932
300 _a345-363
650 _aRubberised road
942 _cJS
999 _c67974
_d67974